000 00380nam a2200145Ia 4500
008 230917s9999||||xx |||||||||||||| ||und||
040 _e43623
_aMAIN
041 _aEnglish
082 _a811.4 F929P:E
100 _aPritchard, William H
245 0 _aFrost: A literary life reconsidered
260 _aOxford
_bOxford University Press
_c1984
300 _axix, 286 p.
942 _cBK
999 _c51805
_d51805